Oeuvres completes de Lucien de Samosate (Registro nro. 86131)
[ vista simple ]
| 000 -ENCABEZADO | |
|---|---|
| Número de control [NR] | 00577nam a22001697a 4500 |
| 008 - DE LONGITUD FIJA DE DATOS DE ELEMENTOS - INFORMACIÓN GENERAL | |
| Elementos de longitud fija [NR] | 130821s1912 fr gr fre |
| 040 ## - FUENTE DE CATALOGACION [NR] | |
| Agencia de catalogación original [NR] | Co-BoUCM |
| Idioma de catalogación [NR] | spa |
| 041 00 - CODIGO DE IDIOMA [R] | |
| Código de idioma para texto/pista de sonido o título separado [R] | Francés |
| 100 ## - ASIENTO PRINCIPAL--NOMBRE PERSONAL [NR] | |
| Nombre personal [NR] | Talbot, Eugene |
| ID Autoridad | 149779 |
| 245 00 - MENCION DE TITULO [NR] | |
| Título [NR] | Oeuvres completes de Lucien de Samosate |
| Mención de responsabilidad, etc. [NR] | Traduction nouvelle avec une introduction et des notes par Eugene Talbot |
| 250 ## - MENCION DE EDICION [NR] | |
| Mención de edición [NR] | 6a. ed. |
| 260 ## - PUBLICACION, DISTRIBUCION, ETC. (PIE DE IMPRENTA) [R] | |
| Lugar de publicación, distribución, etc. [R] | París (Francia) |
| Nombre del editor, distribuidor, etc. [R] | Librairie Hachette |
| Fecha de publicación, distribución, etc. [R] | 1912 |
| 300 ## - DESCRIPCION FISICA [R] | |
| Extensión [R] | 2 volúmenes |
| 500 ## - NOTA GENERAL [R] | |
| Nota general [NR] | Notas a pie de página |
| 942 ## - ELEMENTOS DE ENTRADA AGREGADOS (KOHA) | |
| Tipo de ítem principal el descrito en 300a | Libro |
| Tema principal | Literatura |
| Edición | 6 |
| Parte restante de la signatura top. | T15 |
| Título oculto en OPAC | No |
| Sistema de clasificación | DEWEY |
| Clasificación | 880 |
| Signatura topográfica | Código de barras | Última vez visto | Volúmen / Fascículo | Ejemplar | Price effective from | Tipo de ítem | Perdido | Sistema de clasificación | Dañado | No prestable | Tipo de ítem específico | Suprimido | Ubicación habitual | Ubicación actual | Localización | Fecha de creación | Forma de adquisición | Costo |
|---|---|---|---|---|---|---|---|---|---|---|---|---|---|---|---|---|---|---|
| FCS 880 T15 | 120001624 | 10/07/2012 | V.2 | Ej.1 | 03/02/2013 | Libro | DEWEY | Fondos especiales | Archivo Histórico | Archivo histórico | 28/02/2003 | Donación | 1000.00 | |||||
| FCS 880 T15 | 120001623 | 10/07/2012 | V.1 | Ej.1 | 03/02/2013 | Libro | DEWEY | Fondos especiales | Archivo Histórico | Archivo histórico | 28/02/2003 | Donación | 1000.00 |